| 000 | 00788cam a22002653a 4500 | ||
|---|---|---|---|
| 001 | 79 | ||
| 003 | PGUSA | ||
| 005 | 20140828082943.0 | ||
| 008 | 930801s1993||||xxu|||||s|||||000 1 eng d | ||
| 040 |
_aPGUSA _beng |
||
| 042 | _adc | ||
| 050 | 4 | _aPQ | |
| 100 | 1 | _aSchwartau, Winn | |
| 245 | 1 | 0 |
_aTerminal Compromise _h[electronic resource] / _cWinn Schwartau |
| 260 |
_bProject Gutenberg, _c1993 |
||
| 506 | _aCopyrighted. Read the copyright notice inside this book for details. | ||
| 516 | _aElectronic text | ||
| 653 | _aRecords -- Access control -- Fiction | ||
| 653 | _aDidactic fiction | ||
| 653 | _aComputer security -- Fiction | ||
| 653 | _aPrivacy, Right of -- Fiction | ||
| 830 | 0 |
_aProject Gutenberg _v79 |
|
| 856 | 4 | 0 | _uhttp://www.gutenberg.org/ebooks/79 |
| 942 | _cEB | ||
| 999 |
_c229450 _d229450 |
||